La equilibración de las estructuras cognitivas: problema central del desarrollo

Saved in:
Bibliografiske detaljer
Hovedforfatter: Piaget, Jean (Author)
Format: Bog
Sprog:spansk
Udgivet: Madrid Siglo Veintiuno 1978
Udgivelse:1a. ed
Serier:Psicología
Fag:
Tags: Tilføj Tag
Ingen Tags, Vær først til at tagge denne postø!

MARC

LEADER 00000cam a2200000 a 4500
001 UCS9617
003 CL-VaPUC
008 971121e19780000SP |||||||||||||||||spa|d
020 |a 9789682319877 
082 0 4 |a 153.4  |b PIA  |2 21 
100 0 |a Piaget, Jean  |e author  |9 308149 
245 1 3 |a La equilibración de las estructuras cognitivas: problema central del desarrollo 
250 |a 1a. ed 
300 |a 201 p 
942 |c BK 
945 |d 19971121 00:00:00  |a rleighto 
260 |a Madrid  |b Siglo Veintiuno  |c 1978 
650 7 |a SISTEMAS COGNITIVOS  |2 CL-VaPUC  |9 394850 
650 0 |a Estructuras  |9 271908 
650 7 |a CAUSALIDAD  |2 CL-VaPUC  |9 225420 
650 0 |a Desarrollo cognitivo  |9 311398 
583 |a last modification  |c 20130408 12:45:40  |k Rodrigo Vera 
490 0 |a Psicología 
999 |c 263393  |d 263391 
952 |0 0  |1 0  |4 0  |6 153_400000000000000_PIA_1978  |7 0  |8 A  |9 292669  |a BIBGIM  |b BIBGIM  |d 2019-11-19  |i 3367231  |o 153.4 PIA 1978  |p 3367231  |r 2025-01-15  |w 2019-11-19  |y BK  |k GIM 
952 |0 0  |1 0  |4 0  |6 153_400000000000000_PIA_1978  |7 0  |8 A  |9 292670  |a BIBMAT  |b BIBMAT  |c E_DIDACT  |d 2019-11-19  |i 4962044  |o 153.4 PIA 1978  |p 4962044  |r 2025-01-07  |w 2019-11-19  |y BK  |k MAT